000 00533 a2200181 4500
005 20241202151350.0
010 _aB-761312
020 _a9789364687157
_c210.00
035 _aB-761312
037 _bGift/28.11.24
082 _a343
245 _aS. Chand's Cyber Sync 1;
_bTowards Technology Windows 10 MS Office 2019/
260 _aU.P.
_bS. Chand's
_c2023
270 _aU. P.
300 _a88 p.
_c27cm (Pb)
942 _adpl
_cCH
_2ddc
_h343
_mCYB
999 _c207306
_d207306